000 00711nam a2200205 4500
003 BD-RjUL
005 20230111103210.0
008 230111s1964 u ||||| |||| 00| 0 ara d
035 _a(BD-RjUL)
040 _aBD-RjUL
_beng
_cBD-RjUL
041 _aara
082 _223
_a181.947
_bGHM 1964
100 _aalghazaliu
_96507
245 1 0 _a ميزان العمله mizan al amalih /
_cالغزالي , حققه وقدم له سليمان دنيا ; alghazaliu , haqaqah waqadam lah sulayman dunya
260 _aMisr :
_bدار المعارف dar almaearif ,
_c1964
300 _a475 p. ;
_c23 cm
490 _aذخائر العرب ٣٨
830 _aذخائر العرب ٣٨
_96508
942 _2ddc
_cBK
999 _c81043
_d81043